000
00383nam a22001337a 4500
003
SGT
020
_a
9788126728299
082
_a
891.4309
_b
C16M
100
_a
मंडल, दिलीप
245
_a
चौथा खम्बा प्राइवेट लिमटेड
260
_b
राजकमल पेपरबैक्स
_c
2016
300
_a
151
942
_2
ddc
_c
BK
999
_c
29741
_d
29741